000
00279nam a22001337a 4500
008
181016b xxu||||| |||| 00| 0 eng d
020
_a
9780028332406
041
_a
eng
080
_a
510
100
_a
37
101
_a
MAT
245
_a
Prealgebra
_c
James.r.p
942
_2
udc
_c
BK
999
_c
49948
_d
49948